Jaká je "generace Y"?

Akí sú mladí ľudia narodení po roku 1976 - tzv. generácia Y? Výsledky prieskumu spoločnosti Hays v Českej republike. Peniaze ako nástroj na uspokojenie potrieb. Časté striedanie zamestnania. Otvorené vyjadrovanie názorov, boj za svoje práva. Aký je bežný uchádzač o zamestnanie narodený v generácii Y...

ver descrição completa

Na minha lista:
Detalhes bibliográficos
Autor principal: Vantuchová, Radka
Formato: Capítulo de Livro
Idioma:tcheco
Assuntos:
Tags: Adicionar Tag
Sem tags, seja o primeiro a adicionar uma tag!

MARC

LEADER 00000naa a2200000 4500
001 0144518
005 20240315070610.7
041 0 |a cze 
044 |a CZ 
245 1 0 |a Jaká je "generace Y"?  |c Radka Vantuchová 
520 |a Akí sú mladí ľudia narodení po roku 1976 - tzv. generácia Y? Výsledky prieskumu spoločnosti Hays v Českej republike. Peniaze ako nástroj na uspokojenie potrieb. Časté striedanie zamestnania. Otvorené vyjadrovanie názorov, boj za svoje práva. Aký je bežný uchádzač o zamestnanie narodený v generácii Y. Výber ideálneho zamestnávateľa. Pohľad na zamestnanecké benefity. 
610 2 0 |a trh práce 
610 2 0 |a mládež 
610 2 0 |a zamestnanie 
610 2 0 |a zamestnávatelia 
610 2 0 |a benefity 
610 2 0 |a peniaze 
610 2 0 |a práca 
100 1 |a Vantuchová, Radka